00600nam a22001817a 450000500170000001000150001702000260003203500130005803700130007108200130008410000160009724500960011326000320020927000680024130000340030950000500034370000250039320160523112630.0 aENG-115125 a9788120351820c550.00 aEN-98657 bDBAD/PUB a624.1513 aDebasis Deb aFundamentals and applications of rock mechanics /cby Debasis Deb [and] Abhiram Kumar Verma aDelhi bPHI Learning c2016 aRimjhim House, 111, Patparganj Industrial EstatebDelhie110092 axvii,473p. :bill.c24cm(pbk) aIncludes bibliographical references and index aVerma, Abhiram Kumar